| 000 | 01342nam a22001577a 4500 | ||
|---|---|---|---|
| 003 | OSt | ||
| 005 | 20260429091502.0 | ||
| 008 | 260429b |||||||| |||| 00| 0 SPA d | ||
| 100 | _aL.Susana Quiroz C. | ||
| 245 | _aAmor Sobrenatural | ||
| 250 | _a1ra | ||
| 260 |
_aQUITO - ECUADOR _bITS ECAUTORIANO _cXX |
||
| 300 | _a95 Pag | ||
| 520 | _a Amor sobrenatural carácter netamente superficial. Su atención se posaba en cualquier parte d- cuerpo femenino que estuviera frente a - mirada. Podía quedarse embelesado por unos bellos ojos, por una nariz bien perfilada o unos labios bien delineados y finamente pintados como un rubí. Quedaba siempre asaltado por una oleada de aromas y colores, acompañados sin duda, de un delicado andar. Le cautivaban unos pies finamente arreglados, una estrecha cintura, la delicadez de la parte baja de la espalda, o la pequeña sonrisa que una mujer brinda cuando nota que alguien la está mirando. Todo esto a escondidas de los demás, por supuesto. Y, como el amor es un tema innato en las conversaciones de todos los jóvenes, Javier y sus amigos platicaban durante innumerables horas sobre los nuevos rostros, que en el transcurso del día, se habían impregnado en sus miradas: si les quedaron viendo... o si les sonrieron... Pero todo, siempre a su favor. | ||
| 942 |
_2ddc _cBKA _n0 |
||
| 999 |
_c2083 _d2083 |
||